Daily Capital City Riddle #76 - Statistics

General Stats
  • This quiz has been taken 40 times
  • The average score is 30 of 33
Answer Stats
Type Answer % Correct
Found Letter I
100%
Found Letter N
100%
Alphabet Letter A
97%
Found Letter B
97%
Alphabet Letter D
97%
Alphabet Letter E
97%
Alphabet Letter G
97%
Correctly Placed Letter N
97%
Alphabet Letter R
97%
Alphabet Letter T
97%
Alphabet Letter U
97%
Alphabet Letter C
93%
Alphabet Letter H
93%
Found Letter L
93%
Found Letter O
93%
Found Letter S
93%
Alphabet Letter W
93%
Correctly Placed Letter I
90%
Alphabet Letter J
90%
Alphabet Letter K
90%
Correctly Placed Letter L
90%
Alphabet Letter M
90%
Correctly Placed Letter O
90%
Alphabet Letter P
90%
Correctly Placed Letter S
90%
Alphabet Letter V
90%
Alphabet Letter Y
90%
Correctly Placed Letter B
86%
Alphabet Letter F
86%
Mystery Capital Lisbon
86%
Alphabet Letter Q
86%
Alphabet Letter X
86%
Alphabet Letter Z
86%
No matching quizzes found
Score Distribution
Percent of People with Each Score
Percentile by Number Answered
Your Score History
You have not taken this quiz